Municipios de Salamanca - Estadísticas

Estadísticas generales
  • Esta prueba ha sido intentada 24 veces
  • La puntuación promedio es 55 de 361
Estadísticas de respuestas
Municipio % Correcto
Béjar
100%
Alba de Tormes
90%
Ciudad Rodrigo
90%
Peñaranda de Bracamonte
90%
Salamanca
90%
Candelario
80%
Ledesma
80%
Villamayor
80%
Aldeatejada
70%
Carbajosa de la Sagrada
70%
Guijuelo
70%
La Alberca
70%
Santa Marta de Tormes
70%
Cabrerizos
60%
Castellanos de Moriscos
60%
Sequeros
60%
Tamames
60%
Villares de la Reina
60%
Villoria
60%
Vitigudino
60%
Babilafuente
50%
Cantalapiedra
50%
Cantalpino
50%
Doñinos de Salamanca
50%
Fuentes de Oñoro
50%
Lumbrales
50%
Mogarraz
50%
Terradillos
50%
Vecinos
50%
Castellanos de Villiquera
40%
Fuenteguinaldo
40%
Golpejas
40%
La Maya
40%
Linares de Riofrío
40%
Martín de Yeltes
40%
Miranda del Castañar
40%
Pelabravo
40%
Sancti-Spíritus
40%
San Martín del Castañar
40%
Sotoserrano
40%
Topas
40%
Villoruela
40%
Abusejo
30%
Agallas
30%
Alaraz
30%
Aldeadávila de la Ribera
30%
Aldearrodrigo
30%
Arapiles
30%
Beleña
30%
Calvarrasa de Abajo
30%
Calvarrasa de Arriba
30%
El Cabaco
30%
Garcibuey
30%
Huerta
30%
La Fuente de San Esteban
30%
Machacón
30%
Macotera
30%
Matilla de los Caños del Río
30%
Moriscos
30%
Mozárbez
30%
Puente del Congosto
30%
Robliza de Cojos
30%
San Miguel de Valero
30%
San Muñoz
30%
Tenebrón
30%
Valverdón
30%
Villarmayor
30%
Villasdardo
30%
Alba de Yeltes
20%
Aldea del Obispo
20%
Aldealengua
20%
Aldearrubia
20%
Aldehuela de la Bóveda
20%
Almenara de Tormes
20%
Almendra
20%
Boada
20%
Buenamadre
20%
Cabrillas
20%
Calzada de Don Diego
20%
Calzada de Valdunciel
20%
Cantagallo
20%
Carpio de Azaba
20%
Casillas de Flores
20%
Castillejo de Martín Viejo
20%
Cepeda
20%
Cipérez
20%
El Bodón
20%
El Cubo de Don Sancho
20%
El Maíllo
20%
Encinas de Abajo
20%
Encinas de Arriba
20%
Espeja
20%
Galindo y Perahuy
20%
Galinduste
20%
Gallegos de Argañán
20%
Garcihernández
20%
Gomecello
20%
Herguijuela de la Sierra
20%
Horcajo Medianero
20%
Ituero de Azaba
20%
La Encina
20%
La Orbada
20%
La Vellés
20%
Ledrada
20%
Masueco
20%
Miranda de Azán
20%
Monleón
20%
Monleras
20%
Monsagro
20%
Montejo
20%
Morille
20%
Navacarros
20%
Negrilla de Palencia
20%
Palencia de Negrilla
20%
Parada de Arriba
20%
Paradinas de San Juan
20%
Pereña de la Ribera
20%
Robleda
20%
Saelices el Chico
20%
Sando
20%
San Felices de los Gallegos
20%
Sepulcro-Hilario
20%
Torresmenudas
20%
Trabanca
20%
Valero
20%
Villar de Ciervo
20%
Villar de Gallimazo
20%
Villar de Peralonso
20%
Villarino de los Aires
20%
Villaseco de los Gamitos
20%
Villavieja de Yeltes
20%
Yecla de Yeltes
20%
Zamayón
20%
Aldeanueva de la Sierra
10%
Aldeaseca de Alba
10%
Aldehuela de Yeltes
10%
Anaya de Alba
10%
Añover de Tormes
10%
Arabayona de Mógica
10%
Armenteros
10%
Bañobárez
10%
Barbadillo
10%
Berrocal de Huebra
10%
Cabeza del Caballo
10%
Campillo de Azaba
10%
Canillas de Abajo
10%
Cantaracillo
10%
Carrascal de Barregas
10%
Carrascal del Obispo
10%
Cerralbo
10%
Cespedosa de Tormes
10%
Coca de Alba
10%
Cristóbal
10%
Dios le Guarde
10%
Doñinos de Ledesma
10%
Éjeme
10%
El Campo de Peñaranda
10%
El Payo
10%
El Pino de Tormes
10%
El Sahugo
10%
El Tornadizo
10%
Encina de San Silvestre
10%
Escurial de la Sierra
10%
Florida de Liébana
10%
Forfoleda
10%
Fresno Alhándiga
10%
Fuenterroble de Salvatierra
10%
Galisancho
10%
Garcirrey
10%
Herguijuela del Campo
10%
Hinojosa de Duero
10%
Juzbado
10%
La Alberguería de Argañán
10%
La Bastida
10%
La Fregeneda
10%
Lagunilla
10%
La Mata de Ledesma
10%
La Peña
10%
Larrodrigo
10%
Las Casas del Conde
10%
Las Veguillas
10%
Martiago
10%
Martinamor
10%
Montemayor del Río
10%
Monterrubio de Armuña
10%
Morasverdes
10%
Narros de Matalayegua
10%
Navasfrías
10%
Pajares de la Laguna
10%
Palacios del Arzobispo
10%
Parada de Rubiales
10%
Pastores
10%
Pedrosillo de Alba
10%
Pedrosillo el Ralo
10%
Pelarrodríguez
10%
Peñacaballera
10%
Peñaparda
10%
Pitiegua
10%
Puerto de Béjar
10%
Puerto Seguro
10%
Retortillo
10%
Rollán
10%
San Cristóbal de la Cuesta
10%
San Esteban de la Sierra
10%
San Pedro del Valle
10%
San Pedro de Rozados
10%
San Pelayo de Guareña
10%
Santa María de Sando
10%
Santibáñez de Béjar
10%
Santibáñez de la Sierra
10%
Santiz
10%
Sardón de los Frailes
10%
Saucelle
10%
Sobradillo
10%
Tordillos
10%
Tremedal de Tormes
10%
Valdecarros
10%
Valdelosa
10%
Valdunciel
10%
Vega de Tirados
10%
Ventosa del Río Almar
10%
Villaflores
10%
Villar de la Yegua
10%
Villaseco de los Reyes
10%
Vilvestre
10%
Zamarra
10%
Zarapicos
10%
Ahigal de los Aceiteros
0%
Ahigal de Villarino
0%
Alconada
0%
Aldeacipreste
0%
Aldeanueva de Figueroa
0%
Aldeaseca de la Frontera
0%
Aldeavieja de Tormes
0%
Arcediano
0%
Barbalos
0%
Barceo
0%
Barruecopardo
0%
Bermellar
0%
Berrocal de Salvatierra
0%
Bogajo
0%
Bóveda del Río Almar
0%
Brincones
0%
Buenavista
0%
Cabezabellosa de la Calzada
0%
Casafranca
0%
Castraz
0%
Cereceda de la Sierra
0%
Cerezal de Peñahorcada
0%
Chagarcía Medianero
0%
Cilleros de la Bastida
0%
Colmenar de Montemayor
0%
Cordovilla
0%
El Arco
0%
El Cerro
0%
El Manzano
0%
El Milano
0%
El Pedroso de la Armuña
0%
El Tejado
0%
Encinasola de los Comendadores
0%
Endrinal
0%
Espadaña
0%
Espino de la Orbada
0%
Frades de la Sierra
0%
Fresnedoso
0%
Fuenteliante
0%
Fuentes de Béjar
0%
Gajates
0%
Gallegos de Solmirón
0%
Gejuelo del Barro
0%
Guadramiro
0%
Guijo de Ávila
0%
Herguijuela de Ciudad Rodrigo
0%
Horcajo de Montemayor
0%
Iruelos
0%
La Alameda de Gardón
0%
La Alamedilla
0%
La Atalaya
0%
La Bouza
0%
La Cabeza de Béjar
0%
La Calzada de Béjar
0%
La Redonda
0%
La Rinconada de la Sierra
0%
La Sagrada
0%
La Sierpe
0%
La Tala
0%
La Vídola
0%
La Zarza de Pumareda
0%
Los Santos
0%
Madroñal
0%
Malpartida
0%
Mancera de Abajo
0%
Membribe de la Sierra
0%
Mieza
0%
Molinillo
0%
Monforte de la Sierra
0%
Monterrubio de la Sierra
0%
Moríñigo
0%
Moronta
0%
Nava de Béjar
0%
Nava de Francia
0%
Nava de Sotrobal
0%
Navales
0%
Navalmoral de Béjar
0%
Navamorales
0%
Navarredonda de la Rinconada
0%
Olmedo de Camaces
0%
Palaciosrubios
0%
Pedraza de Alba
0%
Pedrosillo de los Aires
0%
Pelayos
0%
Peñarandilla
0%
Peralejos de Abajo
0%
Peralejos de Arriba
0%
Peromingo
0%
Pinedas
0%
Pizarral
0%
Poveda de las Cintas
0%
Pozos de Hinojo
0%
Puebla de Azaba
0%
Puebla de San Medel
0%
Puebla de Yeltes
0%
Puertas
0%
Rágama
0%
Saldeana
0%
Salmoral
0%
Salvatierra de Tormes
0%
Sanchón de la Ribera
0%
Sanchón de la Sagrada
0%
Sanchotello
0%
San Miguel del Robledo
0%
San Morales
0%
Santiago de la Puebla
0%
Serradilla del Arroyo
0%
Serradilla del Llano
0%
Sieteiglesias de Tormes
0%
Sorihuela
0%
Tabera de Abajo
0%
Tarazona de Guareña
0%
Tardáguila
0%
Tejeda y Segoyuela
0%
Valdefuentes de Sangusín
0%
Valdehijaderos
0%
Valdelacasa
0%
Valdelageve
0%
Valdemierque
0%
Valderrodrigo
0%
Vallejera de Riofrío
0%
Valsalabroso
0%
Valverde de Valdelacasa
0%
Villagonzalo de Tormes
0%
Villalba de los Llanos
0%
Villanueva del Conde
0%
Villar de Argañán
0%
Villar de Samaniego
0%
Villares de Yeltes
0%
Villarmuerto
0%
Villasbuenas
0%
Villasrubias
0%
Villaverde de Guareña
0%
Zorita de la Frontera
0%
No se encontraron pruebas coincidentes
Distribución de puntuación
Porcentaje de gente con cada puntuación
Porcentaje por número respondido
Historial de tus puntuaciones
No has intentado esta prueba.